00804 a2200181 45000010006000000050017000060080041000230030015000640400040000790800124001192450096002432640064003393000032004035050146004350410008005811000015005897000018006045423020260407155813.0260407a1971 arg spa dAR-UNSa-BCEJYS aAR-UNSa-BCEJYSbspacAR-UNSa-BCEJYS a330.101xCiencia económica en general. La economía y sus problemas. Objeto y métodos de la economía política 10aElementos fundamentales para la crítica de la economía políticap(Borrador) 1857-1858 1aBuenos Aires :bSiglo Veintiuno de Argentina Editoresc1971 a2 v. (500 ; 493 p.)c23 cm. aTomo I: 1. Introducción - 2. El capítulo del dinero - 3. El capítulo del capital -- Tomo II: El capítulo del capital (continuación) aspa1 aMarx, Karl1 aScaron, Pedro